Movies Quiz

Random Movies or Star Wars Quiz

Super-Fast Star Wars Quiz Stats

 Plays Quiz not verified by Sporcle

Challenge
Share
Tweet
Embed
Score 0/16 Timer 02:00
0 Plays Today
Hint Answer % Correct
What minor side effect of being frozen in carbonite does Han experience at Jabba's Palace?Blindness
85.7%
What is Tarkin's Imperial rank?Grand Moff
77.1%
Who is the reigning Podracing champion? (Until Anakin?)Sebulba
74.3%
What does Luke like to bullseye in his T-16?Womp Rats
65.7%
What is the planet on which the Imperial Bunker/Shield Generator is located?Endor
64.3%
What planet is the Jedi Temple on?Coruscant
55.7%
What type of droid is R2-D2?Astromech
52.9%
What is another name for Destroyer Droids?Droidekas
45.7%
Hint Answer % Correct
What planet does Obi-Wan Kenobi kill General Grievous on?Utapau
41.4%
What bounty hunter wears a bandage around his head?Dengar
37.1%
What Jedi has a secondary heart in his head?Ki-Adi-Mundi
35.7%
What is Darth Vader's Super Star Destroyer called?The Executor
34.3%
What kind of weapon do the Rebels use to blow up the Death Star?Proton Torpedoes
30%
What species of alien is Greedo?Rodian
30%
What droid sabotages Republic starfighters?Buzz Droid
28.6%
What do Clone Troopers call Battle Droids?Clankers
21.4%

You're not logged in!

Compare scores with friends on all Sporcle quizzes.
Join for Free
OR
Log In

You Might Also Like...

Show Comments

Extras

Created Mar 23, 2015ReportNominate
Tags:Star Wars Quiz, War Quiz, 200, aspect, star

Top Quizzes Today


Score Distribution

Your Account Isn't Verified!

In order to create a playlist on Sporcle, you need to verify the email address you used during registration. Go to your Sporcle Settings to finish the process.

Report this User

Report this user for behavior that violates our Community Guidelines.

Details: